Memoria sobre el estado de la instrucción en esta Universidad y Establecimientos de enseñanza de su distrito correspondiente a 1926-1927 (Registro nro. 102058)

Detalles MARC
000 -LEADER
campo de control de longitud fija 00702nam a2200169 i 4500
001 - NÚMERO DE CONTROL
campo de control 102058
003 - IDENTIFICADOR DE NÚMERO DE CONTROL
campo de control ES-MaACL
005 - FECHA Y HORA DE LA ÚLTIMA TRANSACCIÓN
campo de control 20230906183034.0
007 - CAMPO FIJO DE DESCRIPCIÓN FÍSICA--INFORMACIÓN GENERAL
campo de control de longitud fija t|
008 - DATOS DE LONGITUD FIJA--INFORMACIÓN GENERAL
campo de control de longitud fija 051103s1928 sp ||||1| spa d
110 2# - ENTRADA PRINCIPAL--NOMBRE DE ENTIDAD CORPORATIVA
Nombre de entidad corporativa o nombre de jurisdicción como elemento de entrada Universidad Literaria de Salamanca.
9 (RLIN) 7390
245 10 - MENCIÓN DEL TÍTULO
Título Memoria sobre el estado de la instrucción en esta Universidad y Establecimientos de enseñanza de su distrito correspondiente a 1926-1927
Resto del título : anuario para el de 1927 a 1928. Variedades /
Mención de responsabilidad, etc. Universidad Literaria de Salamanca.
260 ## - PUBLICACIÓN, DISTRIBUCIÓN, ETC.
Lugar de publicación, distribución, etc. Salamanca :
Nombre del editor, distribuidor, etc. Francisco Núñez Izquierdo,
Fecha de publicación, distribución, etc. 1928.
300 ## - DESCRIPCIÓN FÍSICA
Extensión 114 p. ;
Dimensiones 21 cm.
610 24 - PUNTO DE ACCESO ADICIONAL DE MATERIA--NOMBRE DE ENTIDAD CORPORATIVA
Nombre de entidad corporativa o nombre de jurisdicción como elemento de entrada Universidad Literaria de Salamanca-
Subdivisión de forma Memorias.
9 (RLIN) 155720
852 ## - LOCALIZACIÓN
Ubicación ES-MaACL
Número de control de estantería 1724-F-17
Existencias
Estatus retirado Estado de pérdida Estado de daño No para préstamo Colección Biblioteca de origen Biblioteca actual Ubicación en estantería Fecha de adquisición Fuente de adquisición Total de préstamos Signatura topográfica completa Código de barras Visto por última vez Precio de reemplazo Tipo de ítem Koha
        Colección de folletos Biblioteca del Ateneo de Madrid Biblioteca del Ateneo de Madrid Depósito folletos 17/01/2008     1724-F-17 1106543 23/02/2023 23/02/2023 Folleto